Cyclisme : les victoires d'Eddy Merckx - Statistiques

Statistiques générales
  • Ce quiz a été pris 130 fois
  • Le résultat moyen est 44 sur 66
Statistiques - réponses
Dates Courses % Correct
28 juin au 20 juillet 1969 Le Tour de France
100%
26 juin au 19 juillet 1970 Le Tour de France
100%
26 juin au 18 juillet 1971 Le Tour de France
100%
1er au 23 juillet 1972 Le Tour de France
100%
27 juin au 21 juillet 1974 Le Tour de France
100%
21 mai au 12 juin 1968 Le Tour d'Italie
100%
18 mai au 7 juin 1970 Le Tour d'Italie
100%
21 mai au 11 juin 1972 Le Tour d'Italie
100%
18 mai au 9 juin 1973 Le Tour d'Italie
100%
16 mai au 8 juin 1974 Le Tour d'Italie
100%
26 avril au 13 mai 1973 Le Tour d'Espagne
98%
7 avril 1968 Paris-Roubaix
97%
12 avril 1970 Paris-Roubaix
97%
15 avril 1973 Paris-Roubaix
97%
30 mars 1969 Le Tour des Flandres
95%
6 avril 1975 Le Tour des Flandres
95%
22 avril 1969 Liège-Bastogne-Liège
93%
25 avril 1971 Liège-Bastogne-Liège
93%
20 avril 1972 Liège-Bastogne-Liège
93%
22 avril 1973 Liège-Bastogne-Liège
93%
20 avril 1975 Liège-Bastogne-Liège
93%
19 mars 1966 Milan-Sanremo
92%
18 mars 1967 Milan-Sanremo
92%
19 mars 1969 Milan-Sanremo
92%
19 mars 1971 Milan-Sanremo
92%
19 mars 1972 Milan-Sanremo
92%
19 mars 1975 Milan-Sanremo
92%
19 mars 1976 Milan-Sanremo
92%
9 octobre 1971 Le Tour de Lombardie
85%
7 octobre 1972 Le Tour de Lombardie
85%
3 septembre 1967 Le Championnat du monde
80%
5 septembre 1971 Le Championnat du monde
80%
25 août 1974 Le Championnat du monde
80%
10 au 16 mars 1969 Paris-Nice
80%
8 au 16 mars 1970 Paris-Nice
80%
10 au 17 mars 1971 Paris-Nice
80%
28 avril 1967 La Flèche wallonne
75%
19 avril 1970 La Flèche wallonne
75%
23 avril 1972 La Flèche wallonne
75%
18 au 23 mai 1971 Le Dauphiné libéré
74%
12 au 21 juin 1974 Le Tour de Suisse
74%
7 avril 1973 L'Amstel Gold Race
68%
29 mars 1975 L'Amstel Gold Race
68%
6 au 10 avril 1970 Le Tour de Belgique
59%
11 au 15 avril 1971 Le Tour de Belgique
59%
9 au 12 mai 1968 Le Tour de Romandie
54%
8 au 15 septembre 1968 Le Tour de Catalogne
50%
29 mars 1967 Gand-Wevelgem
43%
1er avril 1970 Gand-Wevelgem
43%
3 avril 1973 Gand-Wevelgem
43%
25 mars 1971 Circuit Het Volk (auj. Het Nieuwsblad)
32%
3 mars 1973 Circuit Het Volk (auj. Het Nieuwsblad)
32%
6 octobre 1973 Le Grand-Prix des Nations
17%
26 septembre 1973 Paris-Bruxelles
16%
5 au 6 août 1969 Paris-Luxembourg
13%
3 au 6 juin 1971 Le Midi libre
11%
1er mai 1971 Le Grand-Prix de Francfort
9%
24 février au 1er mars 1968 Le Tour de Sardaigne
5%
27 février au 3 mars 1971 Le Tour de Sardaigne
5%
24 février au 1er mars 1973 Le Tour de Sardaigne
5%
22 au 26 février 1975 Le Tour de Sardaigne
5%
4 novembre 1966 Le Trophée Baracchi
5%
4 novembre 1967 Le Trophée Baracchi
5%
11 octobre 1972 Le Trophée Baracchi
5%
31 mars au 4 avril 1975 La Semaine catalane
1%
22 au 26 mars 1976 La Semaine catalane
1%
Aucun quiz correspondant
Distribution des résultats
% des personnes avec chaque résultat
Percentile par nombre de réponses
Votre historique - résultats
Vous n’avez pas pris ce quiz